Entry Nombre personal
001 - NÚMERO DE CONTROL
- campo de control: 240351
003 - IDENTIFICADOR DE NÚMERO DE CONTROL
- campo de control: SpMaBN
005 - FECHA Y HORA DE LA ÚLTIMA TRANSACCIÓN
- campo de control: 20250510192210.0
008 - ELEMENTOS DE DATO DE LONGITUD-FIJA
- campo de control de longitud fija: 001027n| aijnnaabn |n aaa
010 ## - NÚMERO DE CONTROL DE LA BIBLIOTECA DEL CONGRESO
- Número de control de LC: XX1500885
016 ## - NÚMERO DE CONTROL DE UNA AGENCIA BIBLIOGRÁFICA NACIONAL
- Número de control del registro: BNE20004029779
024 7# - IDENTIFICADOR DE OTROS ESTÁNDARES
- Número estándar o código: http://viaf.org/viaf/2147370672841441814/
- Fuente: viaf
040 ## - FUENTE DE CATALOGACIÓN
- Centro catalogador/agencia de origen: SpMaBN
- Lengua de catalogación: spa
- Centro/agencia transcriptor: SpMaBN
- Normas de descripción: rdc
- Convención/Normas de encabezamiento de materia/tesauro: embne
046 ## - FECHAS CON CODIFICACIÓN ESPECIAL
- Fecha de nacimiento: 1966
100 1# - ENCABEZAMIENTO-NOMBRE DE PERSONA
- Nombre de persona: Díez de la Cortina Montemayor, Susana,
- Fechas asociadas al nombre: 1966-
375 ## - GÉNERO/SEXO
- Género: Femenino
670 ## - FUENTE DE DATOS ENCONTRADOS
- Cita de la fuente: El castillo, 2016
- Información encontrada: port. (Susana Díez de la Cortina Montemayor) solapa (n. 1966, Huesca; filóloga y profesora de lengua española)
